Relations professionnelles: une analyse comparée.

Spoločné body a rozdiely pri zastúpení zamestnancov v podniku. Zastúpenie v hlavných inštanciách: úradný režim alebo zmluvná iniciatíva. Zastúpenie zamestnancov v orgánoch riaditeľstva alebo dozoru - podľa štátov. Zastúpenie podľa iných potrieb. Body a rozdiely podľa kolektívnych rokovaní. Štátne no...

Descripción completa

Guardado en:
Detalles Bibliográficos
Autor principal: Frachon, M.
Formato: Capítulo de libro
Lenguaje:francés
Materias:
Etiquetas: Agregar Etiqueta
Sin Etiquetas, Sea el primero en etiquetar este registro!

MARC

LEADER 00000naa a2200000 4500
001 r008296
005 20220913125215.9
041 0 |a fre 
044 |a FR 
245 1 0 |a Relations professionnelles: une analyse comparée.  |c M. Frachon 
520 |a Spoločné body a rozdiely pri zastúpení zamestnancov v podniku. Zastúpenie v hlavných inštanciách: úradný režim alebo zmluvná iniciatíva. Zastúpenie zamestnancov v orgánoch riaditeľstva alebo dozoru - podľa štátov. Zastúpenie podľa iných potrieb. Body a rozdiely podľa kolektívnych rokovaní. Štátne normy a kolektívne zmluvy. Body a rozdiely podľa pracovného práva. (Conseil économique et social 13.11.1191). 
610 2 0 |a vzťahy pracovné 
610 2 0 |a analýza komparatívna 
610 2 0 |a zamestnanci 
610 2 0 |a podnik 
610 2 0 |a zmluvy kolektívne 
100 1 |a Frachon, M.